बड़ी माँ / (Record no. 115687)

MARC details
000 -LEADER
fixed length control field 01035nam a22002777a 4500
003 - CONTROL NUMBER IDENTIFIER
control field dpl
005 - DATE AND TIME OF LATEST TRANSACTION
control field 20180712121512.0
008 - FIXED-LENGTH DATA ELEMENTS--GENERAL INFORMATION
fixed length control field 180712b xxu||||| |||| 00| 0 eng d
010 ## - LIBRARY OF CONGRESS CONTROL NUMBER
LC control number B-176795
020 ## - INTERNATIONAL STANDARD BOOK NUMBER
Terms of availability 185.00
International Standard Book Number 8175276176
035 ## - SYSTEM CONTROL NUMBER
System control number B-176795, B-176813
037 ## - SOURCE OF ACQUISITION
Source of stock number/acquisition Cen Lib/Ret
040 ## - CATALOGING SOURCE
Original cataloging agency DPL
Language of cataloging HN
Transcribing agency 0
082 ## - DEWEY DECIMAL CLASSIFICATION NUMBER
Classification number
Item number शर्माके
100 ## - MAIN ENTRY--PERSONAL NAME
Personal name शर्मा, के.एल.
9 (RLIN) 62736
245 ## - TITLE STATEMENT
Title बड़ी माँ /
Statement of responsibility, etc के.एल. शर्मा
246 ## - VARYING FORM OF TITLE
Title proper/short title Bhadi maan /
Remainder of title by K.L. Sharma
260 ## - PUBLICATION, DISTRIBUTION, ETC. (IMPRINT)
Place of publication, distribution, etc हरियाणा
Name of publisher, distributor, etc नीलम पब्लिकेशन्स
Date of publication, distribution, etc 2005
270 ## - ADDRESS
City हरियाणा
Address 501, हिमशिखा पिंजोर
300 ## - PHYSICAL DESCRIPTION
Extent 233पृ.
Dimensions 19सेमी (सजिल्द)
650 ## - SUBJECT ADDED ENTRY--TOPICAL TERM
Topical term or geographic name as entry element हिन्दी साहित्य
9 (RLIN) 62737
650 ## - SUBJECT ADDED ENTRY--TOPICAL TERM
Topical term or geographic name as entry element हिंदी उपन्यास
9 (RLIN) 62738
650 ## - SUBJECT ADDED ENTRY--TOPICAL TERM
Topical term or geographic name as entry element Hindi literature
9 (RLIN) 62739
650 ## - SUBJECT ADDED ENTRY--TOPICAL TERM
Topical term or geographic name as entry element Hindi fiction
9 (RLIN) 27248
942 ## - ADDED ENTRY ELEMENTS (KOHA)
Source of classification or shelving scheme Dewey Decimal Classification
Koha item type Hindi Books
Classification part
Call number suffix शर्माके
Holdings
Withdrawn status Lost status Damaged status Not for loan Home library Current library Date acquired Source of acquisition Cost, normal purchase price Total Checkouts Full call number Barcode Date last seen Copy number Cost, replacement price Price effective from Koha item type Source of classification or shelving scheme Collection code
        Central Library Central Library 21/08/2015 Cen Lib/Ref 185.00   उ शर्माके B-176795 21/08/2015 1 185.00 21/08/2015 Hindi Books    
        Shahdara Branch Shahdara Branch 12/07/2018 BPPD/PUB 185.00   उ शर्माके B-176813 12/07/2018   185.00 12/07/2018 Hindi Books Dewey Decimal Classification Fiction

© Delhi Public Library
Hit Counter
free hit counter